ALGS Year 3 Spilt 2 Playoffs Players - Statistics

General Stats
  • This quiz has been taken 242 times
  • The average score is 52 of 120
Answer Stats
Hint Answer % Correct
Alliance Hakis
96%
Alliance Effect
95%
TSM ImperialHal
95%
NRG Sweetdreams
95%
DarkZero Genburten
94%
TSM Reps
94%
TSM Verhulst
94%
DarkZero Zer0
94%
NRG Gild
92%
Alliance Yuki
92%
XSET Oh Nocturnal
91%
XSET FunFPS
90%
Furia Hiswattson
90%
NRG Nafen
90%
FAZE Snip3down
88%
OpTic Dropped
87%
OpTic skittleCakes
87%
DarkZero Xynew
87%
XSET Sikezz
83%
OpTic Knoqd
82%
Vexed MaTaFe
82%
KCP Gnaske
81%
Complexity Monsoon
81%
100T Vaxlon
80%
LG Chivas YanYa
80%
Furia Xeratricky
76%
FAZE Phony
73%
Acend K4shera
71%
100T Onmuu
70%
OXG Vein
70%
Fnatic YukaF
69%
KCP Zaine
68%
OXG Aidanthedestroye
66%
Furia Pandxrz
65%
E6 Kswinniie
64%
Vexed Tyler
63%
Crazy Raccoon Ras
61%
FAZE Frex
60%
100T Scuwry
59%
Vexed Unlucky
59%
Fire Beavers Taskmast33r
58%
Moist Wxltzy
58%
OXG Reedz
57%
KCP SirDel
57%
Complexity Lewda
56%
JLingz JMW
55%
Complexity Cody
53%
Acend Lufka
53%
Fire Beavers 9impulse
51%
JLingz Noiises
51%
JLingz Naghz
50%
LG Chivas Jaguares
49%
Aurora Ranches
48%
Acend PostKiLL
46%
DreamFire Roieee
45%
Aurora Sunset
44%
Onic Fussy
42%
LG Chivas Neazul
41%
Fire Beavers Ojrein
41%
Moist Emtee
38%
Realize Obly
38%
Crazy Raccoon Parkha
38%
Northeption Taida
37%
E6 Kind4
36%
Aurora Cleaveee
35%
Pulverex Ftyan
35%
Moist Prycyy
34%
E6 Slayers
34%
Riddle Yukio
34%
FC Destroy HammerDrill
29%
Fnatic Meltstera
28%
Blvkhvnd StrafingFlame
28%
Ganbare Otusan Jusna
27%
Fnatic UmichanLoveti
27%
FC Destroy YukaPEROdator
24%
Realize Karonpe
22%
Onic Rakiiii
21%
Crazy Raccoon Mainy
20%
Northeption Satuki
20%
Onic Shadi
19%
Blvkhvnd EzFlash
18%
DreamFire 3Mz
17%
Ganbare Otusan Dogma
17%
Entropiq Hiarka
17%
Realize Sangjoon
17%
Entropiq Uxako
17%
DreamFire Pite
16%
FC Destroy Pinotr
15%
Northeption ReyzyGG
15%
Pulverex Saku
15%
Ganbare Otusan JungHee
14%
Riddle 1tappy
13%
GoNext B4mbino
13%
Pulverex Shunmi
13%
Riddle MiaK
12%
Entropiq Th0rfinnnnn
12%
Blvkhvnd Buegy
11%
Gosu Renatricky
11%
Noctem N3las
10%
Naked Pinky
10%
SAF Sleep
9%
Naked 4rufa
8%
LNW Kurev
8%
Naked Lykq
8%
GoNext Slab
8%
Athxhvy Asleep
7%
Noctem Kiingz
7%
Gosu Panic
7%
LNW Brtus_0
6%
LNW Pirrus
6%
Gosu Zillach
6%
SAF Lusquinn
5%
GoNext Dctzr
4%
MDY White FeiJu
4%
SAF Jinqs
4%
Athxhvy TriNITYzy
4%
Athxhvy Vlatow
4%
Noctem 1Worst
3%
MDY White MingYUE
2%
MDY White LQDuD
1%
No matching quizzes found
Score Distribution
Percent of People with Each Score
Percentile by Number Answered
Your Score History
You have not taken this quiz